Inovácie, ako determinant pre udržateľnosť rastu malých a stredných na podnikov v teoretickej rovine za roky 2018-2023

Inovácie sú v súčastnosti jedným z kľúčových tém pre hospodársky rozvoj a konkurencieschopnosť podnikov. Skúmané sú ako aj v národných aj medzinárodných krajinách teoreticky aj empiricky. Pre podniky sú obzvlášť prínosné determinantny, ktoré podnecujú prinášať inovácie a vvynakladať zdroje na výskum...

Descripción completa

Guardado en:
Detalles Bibliográficos
Autor principal: Kovács, Jozef, 1994-
Formato: Capítulo de libro
Lenguaje:eslovaco
Materias:
Etiquetas: Agregar Etiqueta
Sin Etiquetas, Sea el primero en etiquetar este registro!

MARC

LEADER 00000naa$a2200000$$$4500
001 0299605
005 20240502074538.0
041 0 |a slo 
044 |a SK 
245 1 0 |a Inovácie, ako determinant pre udržateľnosť rastu malých a stredných na podnikov v teoretickej rovine za roky 2018-2023  |c Jozef Kovács 
520 |a Inovácie sú v súčastnosti jedným z kľúčových tém pre hospodársky rozvoj a konkurencieschopnosť podnikov. Skúmané sú ako aj v národných aj medzinárodných krajinách teoreticky aj empiricky. Pre podniky sú obzvlášť prínosné determinantny, ktoré podnecujú prinášať inovácie a vvynakladať zdroje na výskum a vývoj ako aj v štátnych tak aj súkromných podnikoch. Hlavným účelom inovácií je, aby dokázali poskytnúť malým a stredným podnikom konkurenčnú výhodu oproti už etablovaným veľkým podnikom, ktoré disponujú v značnej miere s väčšími kapitálovými prostriedkami, ktoré im umožňujú dovoliť si vynakladať väčšie množstvo finančných prostriedkov na svoj výskum a ešte výraznejšie prehĺbiť rozdiely v inováciách, ktorými podniky sa snažia na trhu úspešne etablovať. 
610 2 0 |a podnik malý 
610 2 0 |a podnik stredný 
610 2 0 |a udržateľnosť 
610 2 0 |a konkurencieschopnosť 
610 2 0 |a inovácia 
610 2 0 |a výhody konkurenčné 
100 1 |a Kovács, Jozef, 1994-